| 000 | 01075nam0a22002651 4500 | ||
|---|---|---|---|
| 001 | v19\rc\1726878 | ||
| 005 | 20250619042419.0 | ||
| 035 | _a(NLR Aleph) 004823172 | ||
| 090 |
_a5036904 _c5036903 |
||
| 100 | _a20061002d1901 |||y0rusy50 ca | ||
| 101 | 0 |
_arus _alav |
|
| 102 | _aRU | ||
| 105 | _ay z ||||| | ||
| 200 | 1 |
_aПравила внутреннего распорядка на крахмальном заводе Иосифа Иосифовича Грундмана в фольверке Нейгоф, Постенгенской волости, Тальсенского уезда _e[Утв. 15 нояб. 1901 г.] |
|
| 210 |
_aРига _dценз. 1901 |
||
| 215 | _a11 с. | ||
| 300 | _aТекст парал. на рус. и латыш. яз. | ||
| 309 | _aБез тит. л. и обл. | ||
| 710 | 0 | 2 |
_aКрахмальный завод И.И. Грундмана _cНейгоф, Лифлянд. губ. |
| 801 | 0 |
_aRU _bNLR _gpsbo |
|
| 801 | 0 |
_aRU _bRuMoRGB _2psbo |
|
| 801 | 1 |
_aRU _bProSoft-M _2rusmarc |
|
| 852 |
_aNLR _j18.277.8.303 |
||
| 942 | _cBOOK | ||
| 980 | _aNB | ||